000 00837nam a22002297a 4500
008 130821s1939 ag gr spa
040 _aCo-BoUCM
_bspa
041 0 0 _aspa
092 _aFN 000195 1a. ed
100 _aShakespeare, William
_d1564-1616
_9834
245 0 3 _aEl rey Lear y pequeños poemas
_cWilliam Shakespeare, la traducción del inglés ha sido hecha por Luis Astrana Marín
250 _a1a. ed
260 _aBuenos Aires (Argentina)
_bEspasa-Calpe
_c1939
300 _a189 páginas
490 _aColección Austral
500 _aIncluye índice. -- Este libro se encuentra en el depósito de la biblioteca
650 0 4 _aLiteratura inglesa
_9272
650 0 4 _aPoesía inglesa
_97940
650 0 4 _aTeatro inglés
_925071
700 1 _aAstrana Marín, Luis
_d1889-1959
_etraductor.
_983043
942 _cLIBRO
_a27
_e1
_n0
999 _c85590
_d85590